000 00334 a2200133 4500
000 nam a22 7a 4500
100 _aViktor Benes
110 _aViktor Benes
245 _aSmart City And Urban Digital Transformation
250 _alatest edition
260 _bRadiant pages
_c2026
264 _bRadiant pages
_c2026
942 _cBK
999 _c395780
_d395780